[Event "Elitserien Allsvenskan 2018-19"]
[Site "Sweden"]
[Date "2019.03.29"]
[Round "7.4"]
[White "Norberg, Johan"]
[Black "Schussler, Harry"]
[Result "1/2-1/2"]
[WhiteElo "2305"]
[BlackElo "2413"]
[Annotator "TA"]
[PlyCount "64"]
[EventDate "2018.11.09"]
[EventType "team-tourn"]
[EventCountry "SWE"]
[SourceTitle "playchess.com"]
[Source "ChessBase"]
[SourceQuality "1"]

{[%evp 11,64,37,45,9,2,0,0,6,-7,2,0,-9,0,-31,-26,-61,-61,-68,-56,-64,-56,-82,-66,-75,-79,-95,-83,-53,-43,-102,-102,-94,-66,-67,-91,-94,0,0,0,0,0,0,0,0,12,0,46,42,46,47,40,40,35,40,87]} 1. e4 g6 2. d4 Bg7 3. Nc3 d6 4. Be3 a6 5. Qd2 b5 6. a4 b4 7. Na2 {B06: Modern Defence} (7. Nd1 Bb7 8. f3 a5 9. c3 bxc3 10. bxc3 Nd7 11. Bd3 Nb6 12. Ne2 Bc6 13. Nb2 Nf6 14. Bh6 O-O {1-0 (35) Moiseenko,A (2692)-Petrosian,T (2625) Berlin 2015}) 7... a5 8. c3 Nf6 9. f3 {The position is equal.} bxc3 10. Nxc3 O-O 11. Bd3 Nc6 12. Nge2 (12. Bb5 $5 {[%cal Rb5c6]} Nb4 13. Na2 $11) 12... Nb4 13. Bb1 Ba6 14. O-O c6 15. Rd1 $146 Qc7 16. g4 e5 17. Ng3 Rfd8 18. g5 Nd7 19. d5 Nb6 20. Ba2 ({White should play} 20. b3 $15) 20... Nxa2 $17 21. Rxa2 cxd5 22. Nxd5 Nxd5 23. exd5 Bc4 ({Black should try} 23... Rdb8 $17 24. Rc1 Qd7) 24. Qc2 $1 $11 {[#] Hoping for b3.} Rdc8 25. b3 Ba6 26. Qxc7 Rxc7 27. Ne4 Rb8 28. Rb2 Bf8 29. Bd2 {White is slightly better.} Rcb7 30. Bxa5 Rxb3 31. Rxb3 Rxb3 32. Kf2 Rb2+ {Accuracy: White = 64%, Black = 69%.} 1/2-1/2

[Event "Elitserien Allsvenskan 2018-19"]
[Site "Sweden"]
[Date "2019.03.29"]
[Round "7.5"]
[White "Tikkanen, Hans"]
[Black "Hedman, Erik"]
[Result "1-0"]
[WhiteElo "2510"]
[BlackElo "2385"]
[Annotator "TA"]
[PlyCount "73"]
[EventDate "2018.11.09"]
[EventType "team-tourn"]
[EventCountry "SWE"]
[SourceTitle "playchess.com"]
[Source "ChessBase"]
[SourceQuality "1"]

{[%evp 9,73,29,45,-13,0,-2,4,0,78,35,46,37,101,64,113,42,7,0,9,27,46,-3,0,0,14,-70,0,0,17,17,233,237,233,238,235,225,229,229,290,143,242,245,323,304,427,438,496,367,350,368,532,537,499,467,659,662,625,554,864,856,872,866,6399,6394,29972,29972]} 1. d4 c5 2. d5 g6 3. e4 d6 4. Nc3 Bg7 5. h4 (5. Bb5+ Nd7 6. a4 Ngf6 7. Nf3 O-O 8. O-O Ne8 9. Re1 Nc7 10. Bf1 a6 11. Bf4 Rb8 12. e5 dxe5 13. Nxe5 Nxe5 14. Bxe5 Bxe5 15. Rxe5 b5 16. axb5 axb5 17. Qe1 b4 18. Na4 {0-1 (40) Alonso Rosell,A (2540)-Bachmann,A (2610) Barcelona 2016}) 5... Nf6 {LiveBook: 4 Games} 6. Bf4 {A43: Schmid Benoni} (6. Nge2 $14) 6... O-O $11 7. Qd2 Qb6 $146 ({Predecessor:} 7... a6 8. a4 Re8 9. Be2 Bg4 10. h5 Bxe2 11. Ngxe2 Nxh5 12. Bh6 Qd7 13. f3 {1-0 (24) Nadir,S (2170)-Rossini,P (1678) Batumi 2018}) 8. Rb1 $1 {The position is equal.} Bd7 (8... Nbd7 $11 {remains equal.}) 9. f3 (9. h5 $5) 9... Na6 10. Bh6 Nc7 {[#]} (10... Bxh6 $1 $14 11. Qxh6 Nb4) 11. h5 $1 $16 {[%mdl 512]} e6 (11... Nxh5 12. Rxh5) 12. Qg5 ({White should play} 12. Bxg7 $16 Kxg7 13. dxe6 Nxe6 14. hxg6 fxg6 15. Qh6+ (15. Nd5 Nxd5 16. Qxd5 h5 $11) 15... Kf7 16. Bc4) 12... Bxh6 $14 13. Qxh6 $40 {[%mdl 128] Black must now prevent Nh3. White attacks.} exd5 {Hoping for ...Rae8.} (13... Nxh5 14. Nh3 $16) 14. Qg5 Nce8 15. exd5 Qd8 16. Bd3 Ng7 17. g4 {[#]} (17. hxg6 $11 fxg6 18. Nge2) 17... Re8+ ({Black should try} 17... b5 $1 $15 {[%mdl 512]}) 18. Nge2 $11 Re5 19. Qh6 {With the idea Kd2.} Qe7 $2 (19... c4 $1 $11 20. Be4 gxh5) 20. hxg6 $18 fxg6 {[#]} 21. Bxg6 $1 {[%mdl 512]} hxg6 22. Qh8+ Kf7 23. Qxa8 Bb5 24. Rh2 (24. Nxb5 $18 Rxe2+ 25. Kf1) 24... Bc4 (24... Bxe2 $16 {might work better.} 25. Nxe2 (25. Rxe2 Nxg4 26. Rxe5 Nxe5 $11) 25... Nxd5) 25. Rd1 ({Weaker is} 25. Qxa7 Nxd5 26. Ne4 Bxe2 $11) 25... Nxd5 26. Ne4 Bxe2 (26... Nc7 {is a better defense.} 27. Qxb7 d5) 27. Rxe2 ({Inferior is} 27. Kxe2 Rxe4+ 28. fxe4 Qxe4+ 29. Kf1 Ne3+ 30. Ke1 Nxd1+ 31. Kxd1 Qxg4+ 32. Re2 Qd4+ 33. Kc1 Qg1+ 34. Kd2 Qd4+ 35. Kc1 Qg1+ 36. Kd2 Qd4+ 37. Kc1 $11) 27... Ne6 28. Qxb7 Qxb7 29. Nxd6+ Kf6 (29... Kf8 $142 30. Nxb7 Ne3 31. Rxe3 Rxe3+ 32. Kf2 Re5) 30. Nxb7 Ne3 31. Nd6 Nf4 (31... Nxc2+ $142 32. Kf2 Rxe2+ 33. Kxe2 Ned4+ 34. Kf2 Ke5) 32. Ne4+ Rxe4 33. fxe4 Nxe2 34. Rd6+ ({Less strong is} 34. Kxe2 Nxd1 35. Kxd1 Ke5 $14) 34... Ke5 35. Kxe2 Kxd6 36. Kxe3 g5 {[#]} 37. b4 $1 {Precision: White = 49%, Black = 29%.} 1-0

[Event "Elitserien Allsvenskan 2018-19"]
[Site "Sweden"]
[Date "2019.03.29"]
[Round "7.5"]
[White "Arman, Deniz"]
[Black "Brynell, Stellan"]
[Result "0-1"]
[WhiteElo "2346"]
[BlackElo "2403"]
[Annotator "TA"]
[PlyCount "120"]
[EventDate "2018.11.09"]
[EventType "team-tourn"]
[EventCountry "SWE"]
[SourceTitle "playchess.com"]
[Source "ChessBase"]
[SourceQuality "1"]

{[%evp 19,120,-9,0,-20,0,-23,0,-24,-22,-19,-7,-36,-31,-25,-21,-7,-13,-52,-41,-79,-58,-70,-50,-46,-50,-113,-93,-187,-194,-183,-170,-302,-299,-373,-386,-447,-452,-454,-427,-451,-379,-391,-394,-378,-377,-464,-446,-446,-436,-456,-443,-404,-341,-464,-443,-539,-472,-435,-326,-333,-337,-423,-414,-410,-370,-660,-657,-627,-622,-601,-588,-575,-574,-574,-570,-689,-635,-587,-586,-587,-575,-645,-568,-555,-555,-754,-729,-740,-738,-800,-730,-29976,-29976,-29976,-29977,-29977,-29978,-29978,-29979,-29979,-29980,-29979,-12461]} 1. Nf3 Nf6 2. g3 d5 3. Bg2 c6 4. O-O Bg4 5. d3 Nbd7 6. c4 e6 7. cxd5 exd5 8. Nc3 Bc5 9. Qc2 {A11: English Opening: 1...c6} (9. h3 Bxf3 10. Bxf3 O-O 11. e4 dxe4 12. dxe4 Qc7 13. Kg2 Rfe8 14. Qc2 Qe5 15. Bf4 Qe7 16. Kh2 Ne5 17. Bg2 Bd4 18. Ne2 {½-½ (66) Anand,V (2779)-Mchedlishvili,M (2601) Doha 2016}) 9... O-O 10. h3 Bh5 {LiveBook: 7 Games} 11. a3 {The position is equal.} a5 12. Rb1 $146 ({Predecessor:} 12. Na4 Bxf3 13. Bxf3 Be7 14. Be3 Rc8 15. d4 Re8 16. Bf4 Ne4 17. Bg4 g5 18. f3 Nef6 19. Be5 Nxg4 20. hxg4 f6 {0-1 (20) Pisani,C-Alvarez,R Argentina 1992}) 12... Qe7 13. Bf4 Rfe8 14. Rfe1 Bg6 15. Nh4 Nh5 16. Qd2 Nxf4 17. Qxf4 Nf8 {[%cal Bd7f8,Bf8e6,Be6f4][%mdl 32]} 18. Qd2 Qf6 $36 {[%mdl 2048] Black fights for an advantage.} 19. Nf3 Bh5 20. Rbc1 Ne6 21. g4 Bg6 22. e3 (22. e4 $1 $15) 22... d4 23. Ne2 (23. exd4 $17 Nxd4 24. Nxd4 Bxd4 25. Rcd1) 23... dxe3 $19 24. fxe3 Bb6 25. Ng3 (25. d4 $142) 25... Nf4 26. Rc3 {[#]} Nxh3+ $1 {[%mdl 512]} 27. Kh2 (27. Bxh3 Qxf3) 27... Ng5 28. Qf2 Rad8 29. d4 Bc7 30. Kg1 Bxg3 31. Qxg3 Ne4 32. Qc7 Nxc3 33. bxc3 Be4 34. Rf1 {and if Nd2 works, White does fine.} Bxf3 35. Rxf3 Qe7 36. Qxa5 Ra8 37. Qh5 h6 38. e4 Qxe4 39. Qxf7+ Kh8 40. Qh5 {Threatens to win with Rf8+!} Qe1+ 41. Kh2 Re3 42. Rf7 $2 (42. Rxe3 Qxe3 43. Qf7) 42... Qg3+ 43. Kh1 Re1+ 44. Bf1 Re4 45. Rf6 {Rxh6+! would kill now.} Qe3 46. Rf7 Rf4 47. Qg6 {[%csl Gf7][%cal Rg6g7]} Rxf7 48. Qxf7 {[%mdl 4096] Endgame KQR-KQB} Qe4+ 49. Bg2 Qxg4 50. Bf3 Qh4+ 51. Kg2 Qg5+ 52. Kh3 Qf6 53. Qh5 Rf8 54. Kg2 Qf4 55. d5 g6 {Black mates.} 56. Qh3 {[#]} Qxf3+ $1 57. Qxf3 Rxf3 58. Kxf3 cxd5 59. Kf4 h5 {[%cal Bh6h5,Bh5h4][%mdl 32]} 60. a4 h4 {Precision: White = 27%, Black = 73%.} 0-1

[Event "Elitserien Allsvenskan 2018-19"]
[Site "Sweden"]
[Date "2019.03.29"]
[Round "7.5"]
[White "Gajic, Mladen"]
[Black "Pantzar, Milton"]
[Result "0-1"]
[WhiteElo "2322"]
[BlackElo "2361"]
[Annotator "TA"]
[PlyCount "88"]
[EventDate "2018.11.09"]
[EventType "team-tourn"]
[EventCountry "SWE"]
[SourceTitle "playchess.com"]
[Source "ChessBase"]
[SourceQuality "1"]

{[%evp 25,88,0,6,0,0,0,0,0,7,-20,-26,-33,-27,-47,-2,-4,-3,-12,4,0,12,-100,-104,-111,-94,-109,-112,-195,-193,-216,-216,-233,-235,-195,-156,-139,-124,-140,-140,-181,-72,-143,-71,-118,-65,-868,-50,-187,-185,-336,-336,-336,-336,-336,-336,-490,-459,-475,-466,-518,-502,-29994,-29995,-29995,-29996]} 1. e4 e5 2. Nf3 Nc6 3. Nc3 Nf6 4. d4 exd4 5. Nd5 Be7 6. Bc4 O-O 7. O-O d6 8. Nxd4 Nxd5 9. exd5 Nxd4 10. Qxd4 Bf5 11. Bd3 Bf6 12. Qc4 Bxd3 13. Qxd3 Qd7 14. a4 $146 {C66: Ruy Lopez: Steinitz Defence} ({Predecessor:} 14. h3 c5 15. Rb1 b5 16. b3 a5 17. c4 b4 18. Bf4 a4 19. Rfe1 axb3 20. axb3 Rfe8 21. Qg3 Red8 22. Bxd6 {1-0 (60) Crnkovic,Z (1998)-Siljan,M (1987) Croatia 2016}) 14... Rfe8 15. a5 c5 16. dxc6 {The position is equal.} bxc6 {[%cal Bb7c6,Bc6c5][%mdl 32]} 17. Ra4 d5 18. b3 c5 19. Rd1 Re6 20. Be3 d4 $36 {[%mdl 2048] Black has some pressure.} 21. c3 Qe7 22. cxd4 cxd4 23. Rxd4 ({Wrong is} 23. Bxd4 $2 Rd8 $19) (23. Bd2 $1 $11) 23... Bxd4 $17 24. Qxd4 a6 25. g3 h6 26. Qc5 (26. Rd3 $17) 26... Rd8 $19 27. Rc1 Qb7 28. Qc2 Qf3 $1 {aiming for ...Red6.} 29. Re1 Qd5 30. b4 Rde8 31. Rd1 Qf3 32. Rd7 Rc6 (32... Re4 $19 {is more deadly.} 33. Qd2 h5) 33. Qd2 (33. Qd1 $142 Qxd1+ 34. Rxd1) 33... Rec8 (33... Rc4 $142 34. Rd6 Qe4) 34. h4 Rc4 (34... Re8 $1 $17 35. Kh2 Rc4) 35. Kh2 $2 {[%mdl 8192] [#]} (35. Bc5 $15) 35... Re8 $2 (35... Rc1 $1 $19 {[%csl Gc1][%cal Rf3h1][%mdl 512]} 36. Rd8+ (36. Qxc1 Rxc1) 36... Kh7 37. Qd3+ {[%mdl 64] Double Attack} g6 38. Bxc1 Qxf2+ 39. Kh3 Rxc1) 36. Qd3 ({Better is} 36. Bc5 $15) 36... Rxb4 37. Rd8 $2 {[#]} (37. Bb6 {keeps fighting.} Qxd3 38. Rxd3) 37... Rxd8 $1 38. Qxd8+ {[%mdl 4096] Endgame KQR-KQB} Kh7 39. Qd3+ Qe4 40. Qe2 (40. Qf1 {was worth a try.}) 40... Rb1 {[%csl Gb1][%cal Re4h1]} 41. f3 Qg6 42. Bb6 Rc1 {Strongly threatening ...Rc2.} 43. Qxa6 (43. Kh3 $19 Rh1+ 44. Kg2 Rxh4 45. Qxa6) 43... Qc2+ 44. Kh3 h5 {Accuracy: White = 26%, Black = 47%.} 0-1

[Event "Elitserien Allsvenskan 2018-19"]
[Site "Sweden"]
[Date "2019.03.29"]
[Round "7.5"]
[White "Eriksson, Jorgen"]
[Black "Hjelm, Niclas"]
[Result "1/2-1/2"]
[WhiteElo "2206"]
[BlackElo "2323"]
[Annotator "TA"]
[PlyCount "118"]
[EventDate "2018.11.09"]
[EventType "team-tourn"]
[EventCountry "SWE"]
[SourceTitle "playchess.com"]
[Source "ChessBase"]
[SourceQuality "1"]

{[%evp 14,118,15,-8,-6,-31,-20,-33,-28,-37,-26,-49,-22,-24,-24,-19,-12,-24,-24,-25,-20,-39,-10,-16,0,-24,0,-38,-42,-50,-50,-50,-50,-50,-50,-50,-50,-81,-82,-93,-91,-94,-93,-105,-98,-97,-77,-80,-77,-77,-77,-96,-77,-77,-77,-77,-77,-77,-77,-77,-77,-77,-77,-77,-77,-77,-77,-77,-77,-77,-77,-77,-77,-77,-77,-77,-52,-52,-52,-52,-15,-15,-15,-15,-15,-15,-15,-15,-15,-15,0,0,0,-96,-96,-96,-96,-96,0,-8,0,0,0,0,0,0,0]} 1. d4 d5 2. c4 c6 3. Nf3 Nf6 4. g3 g6 5. Nbd2 Bg7 6. Bg2 O-O 7. O-O Bf5 8. Qb3 Qb6 {D78: Fianchetto Grünfeld: 6 0-0 c6} 9. c5 Qa6 10. Re1 b6 {Black is slightly better.} 11. cxb6 axb6 $146 ({Predecessor:} 11... Qxb6 12. e3 Na6 13. a3 c5 14. Ne5 Rfc8 15. g4 Qxb3 16. Nxb3 {½-½ (66) Znamenacek,K (2303)-Mirumian,V (2516) Czechia 2007}) 12. Ne5 Qa4 13. Qxa4 Rxa4 14. e3 Nfd7 15. Nxd7 (15. f4 {seems wilder.} Ra7 16. e4 dxe4 17. Nxe4 c5 18. Be3) 15... Nxd7 16. b3 Ra7 17. Bb2 e6 18. a4 c5 19. Rec1 Rc8 20. e4 dxe4 21. Nxe4 Bxe4 22. Bxe4 Rac7 23. Rd1 cxd4 24. Bxd4 Nc5 25. Bxg7 Kxg7 26. Bc2 {[#]} Nxa4 $1 {[%mdl 576] Discovered Attack} 27. bxa4 {Threatens to win with Be4.} (27. Rxa4 Rxc2) 27... Rxc2 $17 {[%mdl 4096] Endgame KRR-KRR} 28. Rdb1 R8c6 29. h4 Rd2 30. Rd1 Rd5 31. Rdc1 Rcd6 32. Rc2 Rd1+ 33. Rxd1 Rxd1+ {KR-KR} 34. Kg2 Rb1 35. Ra2 Rb3 36. a5 bxa5 37. Rxa5 h5 38. Ra7 Kf6 39. Rc7 Rb6 40. Ra7 e5 41. Ra5 Kf5 42. Ra7 f6 43. Ra5 Rb2 44. Rc5 g5 45. hxg5 Kxg5 46. Rc8 e4 47. Re8 Kf5 48. Kf1 Ra2 49. Re7 Ra8 50. Ke2 Ra3 51. Re8 {[#]} h4 $1 {[%mdl 512]} 52. gxh4 Kf4 53. Rf8 {[#]} (53. h5 $11 {keeps the balance.}) 53... f5 $1 54. h5 Rh3 55. Rh8 {[#]} Kg5 (55... Rh2 $1 $17 {...e3 is the strong threat.} 56. Ra8 Rxh5) 56. h6 $11 {The position is equal.} Rxh6 57. Rxh6 Kxh6 58. f3 exf3+ (58... e3 $5 59. Kxe3 Kg5 $11) 59. Kxf3 Kg5 {Accuracy: White = 78%, Black = 63%.} 1/2-1/2

[Event "Elitserien Allsvenskan 2018-19"]
[Site "Sweden"]
[Date "2019.03.29"]
[Round "7.5"]
[White "Ottenklev, Niklas"]
[Black "Bellon Lopez, Juan Manuel"]
[Result "0-1"]
[WhiteElo "2154"]
[BlackElo "2345"]
[Annotator "TA"]
[PlyCount "84"]
[EventDate "2018.11.09"]
[EventType "team-tourn"]
[EventCountry "SWE"]
[SourceTitle "playchess.com"]
[Source "ChessBase"]
[SourceQuality "1"]

{[%evp 9,84,10,21,22,24,21,33,13,77,22,22,16,15,-15,12,16,16,16,50,8,25,16,12,18,29,37,66,-17,-17,-17,-22,-48,-41,-51,-48,-45,-62,-43,-25,-29,-19,-23,-28,-35,-27,-38,-4,-8,0,-108,-108,-92,-93,-88,-100,-93,-108,-124,-116,-237,-254,-306,-109,-124,-12,-16,-35,-41,-12,-12,-12,-12,-28,-80,0,-29977,-29974]} 1. e4 c5 2. b3 b6 3. Bb2 Bb7 4. Nc3 d6 5. Nf3 (5. f4 e6 6. Nf3 Nd7 7. Qe2 Ngf6 8. O-O-O Be7 9. g4 d5 10. e5 Nxg4 11. Rg1 h5 12. f5 Nf8 {1-0 (63) Morozevich,A (2731)-Yu,Y (2675) Dubai 2014}) 5... e5 6. Bc4 {B20: Sicilian: Unusual White 2nd moves} Nc6 7. O-O a6 $146 ({Predecessor:} 7... Be7 8. Re1 Nf6 9. Nd5 O-O 10. c3 Na5 11. Nxf6+ Bxf6 12. Bf1 Re8 {0-1 (70) Salgado Lopez,O (2216)-Gomez Garrido,C (2446) Sanxenxo 2009}) 8. a4 {White is slightly better.} g6 {[#]} (8... Be7 $11 {remains equal.}) 9. Nd5 (9. h4 $1 $16) 9... Bg7 $11 10. Ne1 Nf6 11. f4 O-O 12. Nxf6+ Bxf6 13. f5 Kg7 14. Qg4 Nd4 15. c3 b5 16. cxd4 bxc4 17. dxe5 dxe5 18. bxc4 ({Better is} 18. Nf3 $14) 18... Qxd2 19. Rf2 Qe3 20. Qe2 Qxe4 {White must now prevent ...Bh4.} 21. fxg6 fxg6 22. Qxe4 Bxe4 23. Re2 Rfb8 24. Rd1 Rb4 25. Rd7+ Kg8 26. Rxe4 {Hoping for Nd3.} Rxb2 27. Nd3 {[%mdl 64] Double Attack} Ra2 $36 {[%mdl 2048] Threatening ...Ra1+. White is under pressure.} 28. Nxc5 Rb8 {( -> ...Rb1+)} 29. Rb7 (29. h3 $11 {keeps the balance.}) 29... Rxb7 $17 30. Nxb7 Rxa4 {[%mdl 4096] Endgame KRB-KRN} 31. Nc5 Ra1+ 32. Kf2 Kf7 33. Nd3 Ke6 34. c5 (34. Re2 $17) 34... Kd5 $19 35. Rb4 Be7 $2 (35... a5 $19 {has better winning chances.} 36. Rb7 e4 37. Nf4+ Kxc5 38. Rxh7 Bd4+ 39. Ke2 Ra2+ 40. Kd1 Be3) 36. Rb7 $17 {[#]} Bxc5+ (36... Ra2+ $1 $17 37. Kg3 Ra3 38. Rxe7 Rxd3+ 39. Kf2 Kxc5 40. Rc7+ Kb6 41. Rxh7 a5) 37. Nxc5 $11 Kxc5 38. Rxh7 $17 {KR-KR} a5 {Threatens to win with ...a4.} 39. Rg7 a4 {Strongly threatening ...Ra2+.} 40. Rxg6 a3 41. Ra6 a2 ({Black should play} 41... Kb4 $17 {And now ...Ra2+ would win.} 42. Rb6+ Ka5) 42. g4 $2 {[%mdl 8192]} (42. h4 $11) 42... Rh1 {Accuracy: White = 54%, Black = 39%.} 0-1

[Event "Elitserien Allsvenskan 2018-19"]
[Site "Sweden"]
[Date "2019.03.29"]
[Round "7.6"]
[White "Wiedenkeller, Michael"]
[Black "Dragicevic, Drazen"]
[Result "1/2-1/2"]
[WhiteElo "2464"]
[BlackElo "2334"]
[Annotator "TA"]
[PlyCount "105"]
[EventDate "2018.11.09"]
[EventType "team-tourn"]
[EventCountry "SWE"]
[SourceTitle "playchess.com"]
[Source "ChessBase"]
[SourceQuality "1"]

{[%evp 10,105,23,20,27,24,31,12,6,10,79,23,10,15,14,11,13,8,12,-16,-19,-19,-22,-22,-12,-12,-27,-47,-51,-60,8,5,8,7,7,6,6,6,6,6,10,11,16,9,27,12,41,10,10,10,15,24,18,11,18,0,0,0,23,0,0,0,0,0,0,0,4,0,14,0,8,0,0,0,86,86,93,0,0,0,0,0,0,1,1,0,0,0,0,0,0,0,0,0,0,0,0,0]} 1. d4 d5 2. c4 e6 3. Nc3 a6 4. cxd5 exd5 5. Bf4 (5. Nf3 h6 6. Bf4 Nf6 7. e3 Bd6 8. Bxd6 Qxd6 9. Qc2 O-O 10. Bd3 Re8 11. h3 Be6 12. O-O Nbd7 13. a4 {½-½ (40) Shankland,S (2725)-Carlsen,M (2835) Wijk aan Zee 2019}) 5... c6 6. Qc2 {LiveBook: 13 Games. D31: Queen's Gambit Declined: Semi-Slav without ...Nf6 (+ Marshall Gambit and Noteboom) and Exchange Variation lines without ...Nf6} Nf6 7. e3 Bd6 8. Bg3 {White is slightly better.} O-O 9. Bd3 c5 (9... Bxg3 $11 10. hxg3 h6) 10. Bxd6 ({White should play} 10. dxc5 $16 Bxc5 11. Rd1) 10... Qxd6 $11 11. dxc5 Qxc5 12. Nge2 Nc6 13. O-O d4 {[#]} 14. Ne4 $146 (14. Nxd4 {seems wilder.} Nxd4 15. exd4 Qxd4 16. Rad1 Qb6 17. Na4) ({Predecessor:} 14. exd4 Nxd4 15. Nxd4 Qxd4 {½-½ (73) Potkin,V (2647)-Inarkiev,E (2680) Khanty-Mansiysk 2013}) 14... Nxe4 15. Bxe4 Qxc2 16. Bxc2 dxe3 17. fxe3 Re8 18. Nf4 Rxe3 19. Bb3 Be6 (19... Bf5 $15) 20. Nxe6 fxe6 21. Rae1 Rxe1 22. Rxe1 Nd4 23. Bxe6+ Nxe6 24. Rxe6 {[%mdl 4096] Endgame KR-KR} Rc8 25. Rb6 Rc7 26. Kf2 Re7 27. Kf3 Kf7 28. Kf4 Ke8 29. h4 Kd8 30. a4 Rf7+ 31. Ke5 Kc7 32. Rb4 (32. a5 {feels hotter.} Rf1 33. Rb4 Ra1 34. Rc4+ Kd7 35. b4) 32... Re7+ 33. Kf5 b6 34. Re4 g6+ 35. Kf4 Rf7+ $1 36. Kg4 Rf2 37. Kg3 Rf7 38. Rf4 Re7 39. Kg4 Kd6 40. Kg5 Re5+ 41. Kf6 {[#] Strongly threatening Rd4+.} Rh5 (41... Re2 $11 {keeps the balance.}) 42. g3 $16 a5 43. Rc4 ({Better is} 43. Kg7 $16) 43... b5 $1 $11 {The position is equal.} 44. Rf4 (44. Rc8 {keeps more tension.} bxa4 45. Rc4 Rb5 46. Rxa4 Kc5 47. Ra3) 44... Kc6 45. Kg7 bxa4 46. Rxa4 Kb5 $1 {[%cal Rb5a4]} 47. b3 g5 48. Rg4 gxh4 49. gxh4 {[#] Threatens to win with Rg5+.} Kb6 50. Rf4 Kb5 51. Re4 Kb6 52. Re6+ Kb5 53. Re4 {Precision: White = 45%, Black = 60%.} 1/2-1/2

[Event "Elitserien Allsvenskan 2018-19"]
[Site "Sweden"]
[Date "2019.03.29"]
[Round "7.6"]
[White "Wedberg, Tom"]
[Black "Drugge, Patrik"]
[Result "1/2-1/2"]
[WhiteElo "2418"]
[BlackElo "2187"]
[Annotator "TA"]
[PlyCount "52"]
[EventDate "2018.11.09"]
[EventType "team-tourn"]
[EventCountry "SWE"]
[SourceTitle "playchess.com"]
[Source "ChessBase"]
[SourceQuality "1"]

{[%evp 9,52,10,16,19,19,0,70,10,22,0,17,-2,-6,-43,-48,-57,-52,-72,-28,-27,0,0,0,-15,0,0,0,0,0,0,0,0,0,0,0,0,0,0,0,0,0,0,0,0,0]} 1. c4 e6 2. Nf3 d5 3. d4 c6 4. Nbd2 Nf6 5. Qc2 b6 (5... dxc4 6. Nxc4 c5 7. dxc5 Bxc5 8. a3 O-O 9. b4 Be7 10. Bb2 Qc7 11. Rc1 Nbd7 12. e4 b5 13. Na5 Qxc2 14. Rxc2 Nxe4 15. Bxb5 {1-0 (52) Ivanchuk,V (2747)-Carlsen,M (2840) Doha 2016}) 6. e4 {D30: Queen's Gambit Declined: Systems without Nc3} dxe4 7. Nxe4 Bb7 $146 (7... Nxe4 $11 8. Qxe4 Bb7) ({Predecessor:} 7... Nxe4 8. Qxe4 Bb4+ 9. Bd2 Bxd2+ 10. Nxd2 Bb7 11. Bd3 Nd7 12. O-O Qc7 13. Qg4 O-O 14. c5 Rad8 15. Qh3 Nf6 16. Nb3 {½-½ (16) Gurevich,D (2479)-Mulyar,M (2411) Orlando 2014}) 8. Bd3 ({White should play} 8. Nxf6+ $1 $14 gxf6 9. Be2) 8... Bb4+ $11 9. Ke2 Nbd7 10. Bg5 {[#] c5 is the strong threat.} Be7 11. Rad1 Nxe4 12. Bxe7 Qxe7 13. Bxe4 Nf6 (13... f5 $5 {[%cal Rf5e4]} 14. Bd3 c5 $15) 14. Rhe1 Nxe4 15. Qxe4 {The position is equal.} c5 16. Qf4 Bxf3+ 17. Qxf3 O-O 18. Kf1 cxd4 19. Rxd4 Rad8 20. Red1 Rxd4 21. Rxd4 {[%mdl 4096] Endgame KQR-KQR} Rd8 22. Qd3 (22. Qb7 {keeps more tension.} Qg5 23. Rxd8+ Qxd8 24. Ke2 g6 25. Qxa7 Qd4 26. Qa8+) 22... Rxd4 23. Qxd4 g6 24. a3 Qg5 25. g3 Qc1+ 26. Kg2 e5 {Accuracy: White = 53%, Black = 75%.} 1/2-1/2

[Event "Elitserien Allsvenskan 2018-19"]
[Site "Sweden"]
[Date "2019.03.29"]
[Round "7.6"]
[White "Haubro, Martin"]
[Black "Olund, Joar"]
[Result "1-0"]
[WhiteElo "2358"]
[BlackElo "2353"]
[Annotator "TA"]
[PlyCount "55"]
[EventDate "2018.11.09"]
[EventType "team-tourn"]
[EventCountry "SWE"]
[SourceTitle "playchess.com"]
[Source "ChessBase"]
[SourceQuality "1"]

{[%evp 9,55,58,48,44,41,23,29,47,51,58,78,73,67,59,126,131,135,112,126,126,226,218,215,209,218,218,225,198,387,340,378,320,651,373,2613,2475,2451,2275,29985,29986,29986,1997,29987,29988,29988,29989,29997,29998]} 1. e4 b6 2. d4 Bb7 3. Bd3 e6 4. Nf3 c5 5. c3 Be7 6. O-O {B00: Queen's Fianchetto Defence, Nimzowitsch Defence} Nf6 7. Nbd2 d5 {[%cal Rd5e4]} 8. e5 {White has an edge.} Nfd7 9. Re1 c4 (9... Nc6 10. Nf1 O-O 11. Ng3 Re8 12. Be3 a5 13. a3 Ba6 14. Bc2 cxd4 15. cxd4 {1-0 (35) Sardana,R (2398)-Singh,S (2214) New Delhi 2019}) 10. Bc2 b5 11. Nf1 h5 $146 {[#]} (11... Nc6 $14) ({Predecessor:} 11... O-O 12. Ng3 Nc6 13. Nh5 g6 14. Qd2 gxh5 15. Bxh7+ Kxh7 {1-0 (25) Kalinin,A-Arbakov,V Kharkov 1977}) 12. h4 $1 $16 Bxh4 13. Nxh4 Qxh4 {[#]} 14. Re3 $1 Qd8 (14... Qe7 $16 {is a better defense.}) 15. Rg3 $18 {[%mdl 1024] White has strong compensation.} Kf8 16. Bg5 Qe8 17. Qf3 Nc6 18. Rh3 g6 $2 (18... Kg8 19. Rxh5 Rxh5 20. Qxh5 f5) 19. g4 h4 20. Bxh4 Kg8 $2 (20... f5 21. exf6 Qf7) 21. Ne3 Rb8 $2 (21... Ncxe5 22. dxe5 Qb8) 22. Bf6 Nxf6 23. exf6 {White threatens Rxh8+ and mate.} e5 24. Rxh8+ Kxh8 25. Qh3+ Kg8 26. Kg2 {White mates.} Qe6 27. Qh4 ({Worse is} 27. Rh1 Qxf6 28. Nxd5 Ne7 $11) 27... exd4 28. Rh1 {Accuracy: White = 91%, Black = 38%.} 1-0